[Event "DVM U16 2015"]
[Site "Lingen (Ems) GER"]
[Date "2015.12.27"]
[Round "2"]
[White "Knüpfer, Tim"]
[Black "Qiu, Oliver"]
[Result "1-0"]
[Termination "normal"]
[Board "8.4"]
[WhiteElo "1592"]
[BlackElo "1497"]
[WhiteTeam "SG Leipzig"]
[BlackTeam "Gütersloher SV von 1923"]
[PlyCount "61"]
[WhiteFideId "16217489"]
[BlackFideId "16200713"]
[EventCountry "GER"]
[EventRounds "7"]
[EventType "team-swiss"]
[EventDate "2015.12.26"]

1. e4 e5 2. Nf3 Nc6 3. Bc4 Bc5 4. O-O Nf6 5. d4 Nxd4 6. Nxe5 O-O 7. Be3 d6 8.
Nxf7 Rxf7 9. Bxf7+ Kxf7 10. Bxd4 Bxd4 11. Qxd4 Qe7 12. Nc3 Kf8 13. Rfe1 Be6 14.
Nd5 Qf7 15. Nxf6 gxf6 16. f4 Qg6 17. Re3 Ke7 18. Rae1 Rg8 19. Rg3 Qf7 20. Rxg8
Qxg8 21. e5 fxe5 22. fxe5 dxe5 23. Qxe5 Kd7 24. Qd4+ Bd5 25. g3 b6 26. c4 c5
27. Qxd5+ Qxd5 28. cxd5 Kd6 29. Rd1 b5 30. Kf2 c4 31. Ke3 1-0

[Event "DVM U16 2015"]
[Site "Lingen (Ems) GER"]
[Date "2015.12.27"]
[Round "2"]
[White "Bauer, Björn-Benny"]
[Black "Philipp, Mathias"]
[Result "1/2-1/2"]
[Termination "normal"]
[Board "9.1"]
[WhiteElo "2065"]
[BlackElo "1779"]
[WhiteTeam "SK Gau-Algesheim"]
[BlackTeam "SSV Vimaria 91 Weimar"]
[PlyCount "44"]
[WhiteFideId "24698741"]
[BlackFideId "12958883"]
[EventCountry "GER"]
[EventRounds "7"]
[EventType "team-swiss"]
[EventDate "2015.12.26"]

1. d4 c5 2. d5 e5 3. c4 d6 4. Nc3 Be7 5. e4 a6 6. Be2 Bg5 7. a3 Nh6 8. Nf3 Bxc1
9. Qxc1 O-O 10. O-O f5 11. b4 b6 12. exf5 Nxf5 13. Ne4 h6 14. Qc3 Nd7 15. Rfb1
Nf6 16. Nfd2 Nd4 17. Bf1 Bf5 18. Re1 Ra7 19. Ng3 Bh7 20. Bd3 Raf7 21. Bxh7+
Nxh7 22. Nde4 Ng5 1/2-1/2

[Event "DVM U16 2015"]
[Site "Lingen (Ems) GER"]
[Date "2015.12.27"]
[Round "2"]
[White "Latka, Richard"]
[Black "Grieb, Lukas"]
[Result "1-0"]
[Termination "normal"]
[Board "9.2"]
[WhiteElo "1688"]
[BlackElo "1853"]
[WhiteTeam "SSV Vimaria 91 Weimar"]
[BlackTeam "SK Gau-Algesheim"]
[PlyCount "50"]
[WhiteFideId "24690082"]
[BlackFideId "1271993"]
[EventCountry "GER"]
[EventRounds "7"]
[EventType "team-swiss"]
[EventDate "2015.12.26"]

1. e4 c5 2. Nf3 Nc6 3. d4 cxd4 4. Nxd4 Nf6 5. Nc3 d6 6. Be2 e6 7. Be3 Be7 8.
Qd2 O-O 9. O-O-O a6 10. g4 Ne5 11. Rhg1 b5 12. g5 Nfd7 13. f4 Nc4 14. Bxc4 bxc4
15. f5 exf5 16. exf5 Re8 17. Nc6 Qc7 18. Nxe7+ Rxe7 19. Nd5 c3 20. Nxe7+ Kf8
21. Qxd6 cxb2+ 22. Kb1 Qxd6 23. Rxd6 Kxe7 24. Bf4 f6 25. gxf6+ gxf6 1-0

[Event "DVM U16 2015"]
[Site "Lingen (Ems) GER"]
[Date "2015.12.27"]
[Round "2"]
[White "Erlekam, Simon"]
[Black "Klee, Otto"]
[Result "1/2-1/2"]
[Termination "normal"]
[Board "9.3"]
[WhiteElo "1802"]
[BlackElo "1515"]
[WhiteTeam "SK Gau-Algesheim"]
[BlackTeam "SSV Vimaria 91 Weimar"]
[PlyCount "88"]
[WhiteFideId "12921416"]
[BlackFideId "16217519"]
[EventCountry "GER"]
[EventRounds "7"]
[EventType "team-swiss"]
[EventDate "2015.12.26"]

1. e4 c5 2. Nf3 Nc6 3. Nc3 Nf6 4. d4 cxd4 5. Nxd4 e5 6. Ndb5 d6 7. Bg5 a6 8.
Na3 b5 9. Nd5 Be7 10. Bxf6 Bxf6 11. c3 O-O 12. Nc2 Bb7 13. Be2 Ne7 14. Nce3 Bg5
15. Nxe7+ Qxe7 16. Nd5 Qd8 17. O-O f5 18. Bf3 fxe4 19. Bxe4 Rc8 20. Nf6+ Rxf6
21. Bxb7 Rb8 22. Bd5+ Kh8 23. b3 b4 24. cxb4 Rxb4 25. Bc4 a5 26. Qd5 Rb8 27. a3
Qc7 28. b4 Rf4 29. Bb3 axb4 30. a4 Rd4 31. Qe6 Qe7 32. Qf5 Bd2 33. a5 g6 34.
Qc2 Bc3 35. Ra4 Ra8 36. a6 d5 37. Qe2 Qd6 38. Qb5 Ra7 39. Qb7 Qc5 40. Qb8+ Kg7
41. Ra5 Qe7 42. Rb5 Rf4 43. Bxd5 Rf8 44. Qb6 Rf6 1/2-1/2

[Event "DVM U16 2015"]
[Site "Lingen (Ems) GER"]
[Date "2015.12.27"]
[Round "2"]
[White "Katzschmann, Christian"]
[Black "Kitzinger, Alexander"]
[Result "1-0"]
[Termination "normal"]
[Board "9.4"]
[WhiteElo "1364"]
[BlackElo "1444"]
[WhiteTeam "SSV Vimaria 91 Weimar"]
[BlackTeam "SK Gau-Algesheim"]
[PlyCount "79"]
[WhiteFideId "12983667"]
[BlackFideId "16208030"]
[EventCountry "GER"]
[EventRounds "7"]
[EventType "team-swiss"]
[EventDate "2015.12.26"]

1. d4 Nf6 2. Nf3 g6 3. Nc3 Bg7 4. e4 d6 5. Be2 c5 6. dxc5 dxc5 7. Qxd8+ Kxd8 8.
Be3 b6 9. O-O-O+ Nbd7 10. Ng5 Ke8 11. Nb5 Rb8 12. Nxa7 Bb7 13. f3 Ra8 14. Nb5
Rxa2 15. Kb1 Ra5 16. Bd2 Rxb5 17. Bxb5 e6 18. Bc3 Bc8 19. Rd3 h6 20. Nh3 Ke7
21. Rhd1 Rd8 22. Nf2 h5 23. g4 Ne8 24. Bxg7 Nxg7 25. e5 Ne8 26. Ne4 Nc7 27. Bc6
hxg4 28. fxg4 Nd5 29. Bxd5 exd5 30. Nd6 Nxe5 31. Nxc8+ Rxc8 32. Rxd5 Nxg4 33.
h3 Nf6 34. Re1+ Kf8 35. Rd6 Kg7 36. Rxb6 Nd5 37. Rb7 g5 38. Rf1 Rf8 39. Rf5 Nf4
40. Rxg5+ 1-0

[Event "DVM U16 2015"]
[Site "Lingen (Ems) GER"]
[Date "2015.12.27"]
[Round "2"]
[White "Greiving, Felix"]
[Black "Rätzke von Stoyentin, Steffen"]
[Result "1/2-1/2"]
[Termination "normal"]
[Board "10.1"]
[WhiteElo "1796"]
[BlackElo "1984"]
[WhiteTeam "SV Lingen"]
[BlackTeam "SC Aurich"]
[PlyCount "60"]
[WhiteFideId "12967548"]
[BlackFideId "12907502"]
[EventCountry "GER"]
[EventRounds "7"]
[EventType "team-swiss"]
[EventDate "2015.12.26"]

1. Nf3 Nf6 2. g3 g6 3. Bg2 Bg7 4. O-O O-O 5. d4 d6 6. a4 Bd7 7. a5 Qc8 8. Re1
Bh3 9. Bh1 c5 10. c3 Nc6 11. dxc5 dxc5 12. Be3 Nd7 13. Nbd2 Qc7 14. Qa4 Rac8
15. Qh4 Bf5 16. g4 Bf6 17. Bg5 Be6 18. Ne4 Nce5 19. Bxf6 exf6 20. g5 Nxf3+ 21.
Bxf3 f5 22. Nf6+ Nxf6 23. gxf6 Kh8 24. e4 fxe4 25. Rxe4 Rg8 26. Qh6 g5 27. Bh5
Qc6 28. Rae1 Bf5 29. R4e3 Bg6 30. Bg4 Rcd8 1/2-1/2

[Event "DVM U16 2015"]
[Site "Lingen (Ems) GER"]
[Date "2015.12.27"]
[Round "2"]
[White "Neumann, Tiemon"]
[Black "Möller, Hannah"]
[Result "1/2-1/2"]
[Termination "normal"]
[Board "10.2"]
[WhiteElo "1743"]
[BlackElo "1743"]
[WhiteTeam "SC Aurich"]
[BlackTeam "SV Lingen"]
[PlyCount "82"]
[WhiteFideId "12925462"]
[BlackFideId "1270514"]
[EventCountry "GER"]
[EventRounds "7"]
[EventType "team-swiss"]
[EventDate "2015.12.26"]

1. e4 c5 2. Nf3 d6 3. d4 cxd4 4. Nxd4 Nf6 5. Nc3 g6 6. Be3 Bg7 7. f3 Nbd7 8.
Qd2 a6 9. Bd3 Rb8 10. Bxa6 Ne5 11. Bb5+ Bd7 12. Qe2 Rc8 13. O-O O-O 14. a4 Bxb5
15. Ndxb5 Nc4 16. Bf2 Nxb2 17. Rab1 Nd7 18. Rxb2 Bxc3 19. Nxc3 Rxc3 20. Rxb7
Qc8 21. Rb2 Qc7 22. Be1 Ra3 23. a5 Ne5 24. Bb4 Ra4 25. Qb5 Qc6 26. c4 Qxb5 27.
cxb5 Nc4 28. Rb3 Nxa5 29. Bxa5 Rxa5 30. b6 Rb8 31. Rc1 Rc5 32. Rxc5 dxc5 33.
Kf2 Kf8 34. Ke3 Ke8 35. Kd3 Kd7 36. Kc4 Kc6 37. b7 Rxb7 38. Rxb7 Kxb7 39. Kxc5
Kc7 40. e5 Kd7 41. Kd5 h6 1/2-1/2

[Event "DVM U16 2015"]
[Site "Lingen (Ems) GER"]
[Date "2015.12.27"]
[Round "2"]
[White "Kittelberger, Mattis"]
[Black "Baars, Pascal"]
[Result "1-0"]
[Termination "normal"]
[Board "10.4"]
[WhiteElo "1567"]
[BlackElo "1011"]
[WhiteTeam "SC Aurich"]
[BlackTeam "SV Lingen"]
[PlyCount "51"]
[WhiteFideId "12965103"]
[BlackFideId "16217527"]
[EventCountry "GER"]
[EventRounds "7"]
[EventType "team-swiss"]
[EventDate "2015.12.26"]

1. e4 d5 2. exd5 Qxd5 3. Nc3 Qd8 4. d4 g6 5. Bc4 Bg7 6. Nge2 Nh6 7. O-O Nf5 8.
Re1 O-O 9. d5 c6 10. Bf4 Nd7 11. Qd2 Ne5 12. Bb3 Qd6 13. Ng3 Qf6 14. Bxe5 Qh4
15. Bxg7 Nxg7 16. Qe3 e6 17. dxc6 bxc6 18. Qe4 Qg5 19. Rad1 f6 20. Qxc6 Rb8 21.
Nce4 Qf4 22. Qd6 Qxd6 23. Nxd6 Rd8 24. Nxc8 Rbxc8 25. Ne4 Rc6 26. Rxd8+ 1-0

[Event "DVM U16 2015"]
[Site "Lingen (Ems) GER"]
[Date "2015.12.28"]
[Round "3"]
[White "Hartge, Gedeon"]
[Black "Fieberg, Samuel"]
[Result "1/2-1/2"]
[Termination "normal"]
[Board "1.1"]
[WhiteElo "1971"]
[BlackElo "2226"]
[WhiteClock "00:19:46"]
[BlackClock "00:21:03"]
[WhiteTeam "USV Volksbank Halle"]
[BlackTeam "SG Porz"]
[PlyCount "86"]
[WhiteFideId "12932116"]
[BlackFideId "12901717"]
[EventCountry "GER"]
[EventRounds "7"]
[EventType "team-swiss"]
[EventDate "2015.12.26"]

1. d4 {[%clk 1:30:59]} d5 {[%clk 1:30:56]} 2. c4 {[%clk 1:31:25]} c6 {[%clk
1:31:23]} 3. cxd5 {[%clk 1:31:50]} cxd5 {[%clk 1:31:49]} 4. Nc3 {[%clk
1:32:16]} Nc6 {[%clk 1:30:49]} 5. Bf4 {[%clk 1:32:28]} Nf6 {[%clk 1:30:47]} 6.
e3 {[%clk 1:32:48]} e6 {[%clk 1:29:15]} 7. Nf3 {[%clk 1:30:51]} a6 {[%clk
1:27:50]} 8. Bd3 {[%clk 1:25:09]} Be7 {[%clk 1:28:01]} 9. h3 {[%clk 1:25:23]}
O-O {[%clk 1:23:28]} 10. O-O {[%clk 1:24:05]} Nh5 {[%clk 1:23:03]} 11. Bh2
{[%clk 1:22:31]} f5 {[%clk 1:23:26]} 12. Ne5 {[%clk 1:20:32]} Nxe5 {[%clk
1:20:38]} 13. Bxe5 {[%clk 1:14:11]} Nf6 {[%clk 1:21:01]} 14. Rc1 {[%clk
1:13:36]} b5 {[%clk 1:10:16]} 15. Ne2 {[%clk 1:07:06]} Bd7 {[%clk 1:10:11]} 16.
Qd2 {[%clk 1:03:59]} Ne8 {[%clk 1:03:46]} 17. Rc2 {[%clk 1:01:10]} Nd6 {[%clk
0:56:50]} 18. b3 {[%clk 0:56:10]} Qb6 {[%clk 0:55:41]} 19. Rfc1 {[%clk
0:47:59]} Rfc8 {[%clk 0:55:06]} 20. Rxc8+ {[%clk 0:37:09]} Rxc8 {[%clk
0:55:00]} 21. Rxc8+ {[%clk 0:37:30]} Nxc8 {[%clk 0:54:21]} 22. Qc2 {[%clk
0:36:36]} Qc6 {[%clk 0:51:07]} 23. Nf4 {[%clk 0:34:49]} Na7 {[%clk 0:49:58]}
24. Qxc6 {[%clk 0:27:37]} Nxc6 {[%clk 0:50:20]} 25. Bb1 {[%clk 0:27:54]} Nxe5
{[%clk 0:49:23]} 26. dxe5 {[%clk 0:28:18]} g5 {[%clk 0:49:21]} 27. Ne2 {[%clk
0:28:24]} Bc5 {[%clk 0:49:23]} 28. Kf1 {[%clk 0:26:48]} Ba3 {[%clk 0:47:38]}
29. Nd4 {[%clk 0:24:18]} h5 {[%clk 0:40:37]} 30. Ke2 {[%clk 0:19:00]} Kg7
{[%clk 0:40:32]} 31. Bd3 {[%clk 0:18:03]} Kf7 {[%clk 0:36:53]} 32. Kd2 {[%clk
0:16:25]} Bb4+ {[%clk 0:30:23]} 33. Ke2 {[%clk 0:16:30]} Ba5 {[%clk 0:27:42]}
34. f4 {[%clk 0:09:26]} gxf4 {[%clk 0:26:35]} 35. exf4 {[%clk 0:09:50]} Bb6
{[%clk 0:26:54]} 36. Nf3 {[%clk 0:09:23]} a5 {[%clk 0:25:50]} 37. Ng5+ {[%clk
0:08:52]} Ke7 {[%clk 0:26:11]} 38. Nh7 {[%clk 0:08:12]} Bc6 {[%clk 0:25:29]}
39. h4 {[%clk 0:02:30]} Kf7 {[%clk 0:10:45]} 40. Ng5+ {[%clk 0:00:55]} Ke7
{[%clk 0:11:02]} 41. Nh7 {[%clk 0:28:55]} Kf7 {[%clk 0:23:23]} 42. g3 {[%clk
0:23:30]} Kg6 {[%clk 0:21:03]} 43. Nf8+ {[%clk 0:19:46]} Kf7 1/2-1/2

[Event "DVM U16 2015"]
[Site "Lingen (Ems) GER"]
[Date "2015.12.28"]
[Round "3"]
[White "Ramien, David"]
[Black "Gröbel, Aaron"]
[Result "1-0"]
[Termination "normal"]
[Board "1.2"]
[WhiteElo "2140"]
[BlackElo "1892"]
[WhiteClock "00:37:10"]
[BlackClock "00:26:08"]
[WhiteTeam "SG Porz"]
[BlackTeam "USV Volksbank Halle"]
[PlyCount "113"]
[WhiteFideId "12948241"]
[BlackFideId "12914851"]
[EventCountry "GER"]
[EventRounds "7"]
[EventType "team-swiss"]
[EventDate "2015.12.26"]

1. e4 {[%clk 1:30:57]} e5 {[%clk 1:30:55]} 2. Nf3 {[%clk 1:31:22]} Nc6 {[%clk
1:31:20]} 3. Bc4 {[%clk 1:31:44]} Bc5 {[%clk 1:31:43]} 4. c3 {[%clk 1:32:10]}
Nf6 {[%clk 1:32:08]} 5. d3 {[%clk 1:32:28]} a6 {[%clk 1:32:28]} 6. Nbd2 {[%clk
1:32:24]} Ba7 {[%clk 1:32:47]} 7. O-O {[%clk 1:30:24]} O-O {[%clk 1:32:10]} 8.
Re1 {[%clk 1:30:23]} d6 {[%clk 1:32:31]} 9. Bb3 {[%clk 1:30:47]} Ne7 {[%clk
1:30:40]} 10. Nf1 {[%clk 1:30:39]} Ng6 {[%clk 1:29:42]} 11. Ng3 {[%clk
1:28:23]} h6 {[%clk 1:28:10]} 12. h3 {[%clk 1:27:31]} c6 {[%clk 1:23:08]} 13.
d4 {[%clk 1:24:57]} Re8 {[%clk 1:15:05]} 14. Bc2 {[%clk 1:13:23]} Be6 {[%clk
1:12:30]} 15. Nf5 {[%clk 1:11:13]} Bxf5 {[%clk 1:10:32]} 16. exf5 {[%clk
1:11:08]} Ne7 {[%clk 1:09:37]} 17. dxe5 {[%clk 1:10:28]} dxe5 {[%clk 1:10:06]}
18. Nxe5 {[%clk 0:55:20]} Qxd1 {[%clk 1:08:51]} 19. Rxd1 {[%clk 0:55:27]} Nxf5
{[%clk 1:08:10]} 20. Bf4 {[%clk 0:51:50]} Ne7 {[%clk 1:06:01]} 21. Re1 {[%clk
0:39:47]} Ned5 {[%clk 1:02:27]} 22. Bh2 {[%clk 0:39:14]} Re7 {[%clk 1:00:26]}
23. Nc4 {[%clk 0:31:40]} Rae8 {[%clk 1:00:22]} 24. Kf1 {[%clk 0:31:55]} Rxe1+
{[%clk 0:25:45]} 25. Rxe1 {[%clk 0:32:23]} Rxe1+ {[%clk 0:26:13]} 26. Kxe1
{[%clk 0:32:52]} b5 {[%clk 0:25:26]} 27. Na5 {[%clk 0:27:17]} c5 {[%clk
0:25:41]} 28. Bd6 {[%clk 0:17:05]} Bb6 {[%clk 0:21:55]} 29. Nb3 {[%clk
0:14:29]} c4 {[%clk 0:21:40]} 30. Nd4 {[%clk 0:13:52]} Bxd4 {[%clk 0:06:10]}
31. cxd4 {[%clk 0:14:20]} a5 {[%clk 0:04:57]} 32. Kd2 {[%clk 0:11:34]} g6
{[%clk 0:03:09]} 33. f3 {[%clk 0:10:23]} Ne8 {[%clk 0:03:18]} 34. Be5 {[%clk
0:09:04]} f6 {[%clk 0:02:54]} 35. Bg3 {[%clk 0:09:03]} Kf7 {[%clk 0:03:23]} 36.
Be4 {[%clk 0:08:45]} Nec7 {[%clk 0:03:48]} 37. Bxc7 {[%clk 0:04:55]} Nxc7
{[%clk 0:04:17]} 38. Kc3 {[%clk 0:05:10]} f5 {[%clk 0:03:45]} 39. Bc6 {[%clk
0:05:19]} Ke6 {[%clk 0:01:57]} 40. a4 {[%clk 0:05:22]} b4+ {[%clk 0:00:58]} 41.
Kxc4 {[%clk 0:05:43]} Kd6 {[%clk 0:01:24]} 42. d5 {[%clk 0:04:58]} g5 {[%clk
0:25:06]} 43. g4 {[%clk 0:32:41]} f4 {[%clk 0:25:30]} 44. b3 {[%clk 0:32:52]}
Na6 {[%clk 0:22:35]} 45. Kb5 {[%clk 0:32:39]} Nc5 {[%clk 0:23:00]} 46. Kxa5
{[%clk 0:32:53]} Nxb3+ {[%clk 0:23:26]} 47. Kxb4 {[%clk 0:33:18]} Nd4 {[%clk
0:23:50]} 48. a5 {[%clk 0:33:29]} Nxc6+ {[%clk 0:23:33]} 49. dxc6 {[%clk
0:33:58]} Kxc6 {[%clk 0:24:02]} 50. Kc4 {[%clk 0:34:20]} Kb7 {[%clk 0:24:31]}
51. Kb5 {[%clk 0:34:39]} Ka7 {[%clk 0:24:59]} 52. a6 {[%clk 0:35:03]} Ka8
{[%clk 0:24:18]} 53. Kb6 {[%clk 0:35:28]} Kb8 {[%clk 0:24:45]} 54. a7+ {[%clk
0:35:53]} Ka8 {[%clk 0:25:14]} 55. Ka6 {[%clk 0:36:19]} h5 56. gxh5 {[%clk
0:36:44]} g4 {[%clk 0:26:08]} 57. h6 {[%clk 0:37:10]} 1-0

[Event "DVM U16 2015"]
[Site "Lingen (Ems) GER"]
[Date "2015.12.28"]
[Round "3"]
[White "Perekhozhuk, Maksym"]
[Black "Kagan, Dennis"]
[Result "1-0"]
[Termination "normal"]
[Board "1.3"]
[WhiteElo "1875"]
[BlackElo "2009"]
[WhiteClock "00:29:21"]
[BlackClock "00:31:14"]
[WhiteTeam "USV Volksbank Halle"]
[BlackTeam "SG Porz"]
[PlyCount "87"]
[WhiteFideId "12914860"]
[BlackFideId "12983578"]
[EventCountry "GER"]
[EventRounds "7"]
[EventType "team-swiss"]
[EventDate "2015.12.26"]

1. e4 {[%clk 1:30:56]} c5 {[%clk 1:30:50]} 2. Nf3 {[%clk 1:31:20]} d6 {[%clk
1:31:13]} 3. Nc3 {[%clk 1:31:16]} Nf6 {[%clk 1:31:32]} 4. d4 {[%clk 1:31:26]}
cxd4 {[%clk 1:31:33]} 5. Nxd4 {[%clk 1:31:49]} Nc6 {[%clk 1:31:51]} 6. f4
{[%clk 1:31:55]} g6 {[%clk 1:31:59]} 7. Nf3 {[%clk 1:31:43]} Nd7 {[%clk
1:27:28]} 8. Bd3 {[%clk 1:30:33]} Bg7 {[%clk 1:26:07]} 9. O-O {[%clk 1:29:29]}
O-O {[%clk 1:21:58]} 10. Qe1 {[%clk 1:27:06]} Nc5 {[%clk 1:17:36]} 11. Kh1
{[%clk 1:23:25]} b6 {[%clk 1:08:45]} 12. a3 {[%clk 1:20:55]} Nxd3 {[%clk
1:01:35]} 13. cxd3 {[%clk 1:20:17]} Ba6 {[%clk 1:01:30]} 14. Qe3 {[%clk
1:15:04]} Na5 {[%clk 0:57:35]} 15. Nd2 {[%clk 0:58:10]} Rc8 {[%clk 0:52:15]}
16. Nd5 {[%clk 0:56:03]} Bb7 {[%clk 0:43:27]} 17. Nb4 {[%clk 0:51:43]} Nc6
{[%clk 0:42:04]} 18. Nxc6 {[%clk 0:49:10]} Bxc6 {[%clk 0:41:57]} 19. Ra2 {[%clk
0:47:05]} Bb5 {[%clk 0:40:40]} 20. a4 {[%clk 0:43:21]} Ba6 {[%clk 0:40:33]} 21.
b4 {[%clk 0:42:14]} Qc7 {[%clk 0:36:37]} 22. h3 {[%clk 0:36:03]} Qc3 {[%clk
0:33:17]} 23. b5 {[%clk 0:33:11]} Bb7 {[%clk 0:33:06]} 24. Bb2 {[%clk 0:31:39]}
Qb4 {[%clk 0:29:42]} 25. Bxg7 {[%clk 0:29:02]} Kxg7 {[%clk 0:30:05]} 26. Nc4
{[%clk 0:23:44]} Qc5 {[%clk 0:27:34]} 27. Qf3 {[%clk 0:17:06]} Qd4 {[%clk
0:26:52]} 28. Re1 {[%clk 0:08:58]} d5 {[%clk 0:21:04]} 29. Nd2 {[%clk 0:07:57]}
Rc3 {[%clk 0:19:38]} 30. Re3 {[%clk 0:04:57]} dxe4 {[%clk 0:13:10]} 31. Nxe4
{[%clk 0:05:15]} Rc1+ {[%clk 0:13:15]} 32. Kh2 {[%clk 0:05:27]} Rd8 {[%clk
0:10:31]} 33. f5 {[%clk 0:04:02]} Bxe4 {[%clk 0:04:57]} 34. Rxe4 {[%clk
0:02:56]} Qd6+ {[%clk 0:04:01]} 35. g3 {[%clk 0:01:54]} Qd5 {[%clk 0:02:20]}
36. Rf2 {[%clk 0:00:35]} gxf5 {[%clk 0:00:36]} 37. Rxe7 {[%clk 0:00:39]} Qxd3
{[%clk 0:00:38]} 38. Qh5 {[%clk 0:00:46]} Qc4 {[%clk 0:00:34]} 39. Qxf5 {[%clk
0:00:57]} Rf8 {[%clk 0:00:33]} 40. Qf6+ {[%clk 0:00:41]} Kg8 {[%clk 0:00:59]}
41. Re5 {[%clk 0:00:38]} h6 {[%clk 0:30:41]} 42. Qxh6 {[%clk 0:29:45]} f5
{[%clk 0:30:45]} 43. Qg6+ {[%clk 0:29:45]} Kh8 {[%clk 0:31:14]} 44. Re7 {[%clk
0:29:21]} 1-0

[Event "DVM U16 2015"]
[Site "Lingen (Ems) GER"]
[Date "2015.12.28"]
[Round "3"]
[White "Niesel, Tobias"]
[Black "Schulte, Felix"]
[Result "1-0"]
[Termination "normal"]
[Board "1.4"]
[WhiteElo "1941"]
[BlackElo "1813"]
[WhiteClock "00:31:17"]
[BlackClock "00:31:20"]
[WhiteTeam "SG Porz"]
[BlackTeam "USV Volksbank Halle"]
[PlyCount "104"]
[WhiteFideId "12962155"]
[BlackFideId "12914800"]
[EventCountry "GER"]
[EventRounds "7"]
[EventType "team-swiss"]
[EventDate "2015.12.26"]

1. g3 {[%clk 1:30:55]} Nf6 {[%clk 1:28:17]} 2. Bg2 {[%clk 1:31:02]} d5 {[%clk
1:27:59]} 3. c4 {[%clk 1:31:00]} c6 {[%clk 1:25:34]} 4. cxd5 {[%clk 1:28:22]}
cxd5 {[%clk 1:25:57]} 5. Nf3 {[%clk 1:28:47]} Bf5 {[%clk 1:24:32]} 6. O-O
{[%clk 1:28:17]} Nc6 {[%clk 1:24:14]} 7. Qa4 {[%clk 1:25:18]} Qd7 {[%clk
1:22:21]} 8. Re1 {[%clk 1:21:20]} e6 9. d3 {[%clk 1:20:50]} h6 {[%clk 1:12:54]}
10. Nbd2 {[%clk 1:17:58]} Be7 {[%clk 1:09:09]} 11. a3 {[%clk 1:06:21]} O-O
{[%clk 1:05:56]} 12. b4 {[%clk 0:40:33]} a6 {[%clk 0:58:28]} 13. e4 {[%clk
0:37:51]} Bh7 {[%clk 0:55:53]} 14. Bb2 {[%clk 0:35:49]} Rfc8 {[%clk 0:44:28]}
15. Qb3 {[%clk 0:32:37]} dxe4 {[%clk 0:38:50]} 16. dxe4 {[%clk 0:32:28]} Rd8
{[%clk 0:35:04]} 17. Nc4 {[%clk 0:19:36]} Qd3 {[%clk 0:30:58]} 18. Qxd3 {[%clk
0:19:57]} Rxd3 {[%clk 0:31:26]} 19. Nfe5 {[%clk 0:15:29]} Nxe5 {[%clk 0:30:01]}
20. Bxe5 {[%clk 0:14:30]} Rc8 {[%clk 0:29:26]} 21. Bf1 {[%clk 0:13:53]} Rdd8
{[%clk 0:25:28]} 22. f3 {[%clk 0:12:40]} b5 {[%clk 0:22:46]} 23. Ne3 {[%clk
0:09:52]} Nd7 {[%clk 0:16:43]} 24. Bd4 {[%clk 0:08:19]} e5 {[%clk 0:07:49]} 25.
Nd5 {[%clk 0:08:01]} Bf8 {[%clk 0:07:30]} 26. Bf2 {[%clk 0:07:51]} Rc2 {[%clk
0:04:47]} 27. Bh3 {[%clk 0:05:00]} f6 {[%clk 0:04:07]} 28. Rec1 {[%clk
0:04:26]} Rxc1+ {[%clk 0:03:39]} 29. Rxc1 {[%clk 0:04:50]} Kh8 {[%clk 0:03:31]}
30. Rc6 {[%clk 0:04:28]} Nb8 {[%clk 0:03:41]} 31. Rc3 {[%clk 0:02:57]} Bg8
{[%clk 0:02:24]} 32. Bb6 {[%clk 0:02:55]} Re8 {[%clk 0:02:22]} 33. Nc7 {[%clk
0:02:57]} Rd8 {[%clk 0:02:28]} 34. Nd5 {[%clk 0:02:13]} Re8 {[%clk 0:02:50]}
35. Rc7 {[%clk 0:02:14]} Bd6 {[%clk 0:02:52]} 36. Ra7 {[%clk 0:01:40]} Bxd5
{[%clk 0:02:06]} 37. exd5 {[%clk 0:02:03]} e4 {[%clk 0:01:35]} 38. fxe4 {[%clk
0:01:42]} Rxe4 {[%clk 0:01:47]} 39. Ra8 {[%clk 0:01:36]} Re7 {[%clk 0:01:46]}
40. Bc5 {[%clk 0:01:46]} Re1+ {[%clk 0:01:03]} 41. Kf2 {[%clk 0:02:08]} Bxc5+
{[%clk 0:01:25]} 42. Kxe1 {[%clk 0:02:17]} Bd6 {[%clk 0:03:38]} 43. Bc8 {[%clk
0:02:08]} Kh7 {[%clk 0:30:39]} 44. Bxa6 {[%clk 0:33:18]} Kg6 {[%clk 0:30:25]}
45. Bxb5 {[%clk 0:33:29]} Kf5 {[%clk 0:30:37]} 46. Ke2 {[%clk 0:30:28]} Kg4
{[%clk 0:30:21]} 47. a4 {[%clk 0:30:00]} Kh3 {[%clk 0:30:43]} 48. a5 {[%clk
0:30:22]} Kxh2 {[%clk 0:31:04]} 49. a6 {[%clk 0:30:36]} Nxa6 {[%clk 0:30:59]}
50. Rxa6 {[%clk 0:30:45]} Bxb4 {[%clk 0:31:25]} 51. Kf3 {[%clk 0:30:57]} h5
{[%clk 0:30:58]} 52. Ra2+ {[%clk 0:31:17]} Kg1 {[%clk 0:31:20]} 1-0